00731nam a22002297a 450000500170000001000110001702000100002803500110003803700160004904000120006508200160007710000260009324500660011926000370018527000110022230000280023365000370026165000380029894200250033699900190036195201210038020170124110210.0 a781504 c00.00 a781504 bCen Lib/Ret aDPLbEN a635.03bTHR aThrower, Percy937984 aPercy Thrower's encyclopedia of gardening /cby Percy Thrower aLondonbCollingridge Booksc1962 bLondon a256p. :c23cm(Hb)bill. aGardening -- Dictionaries937985 aGardening - Encyclopaedias937986 2ddccENh635.03mTHR c133452d133452 00104070aLbLd2015-07-25eCen Lib/Retg0.00l0o635.03 THRp781504r2015-07-25 00:00:00t1v0.00w2015-07-25yEN